| 000 | 00678nam a22002417a 4500 | ||
|---|---|---|---|
| 003 | LK-CoMWRAF | ||
| 005 | 20231207091447.0 | ||
| 008 | 231202b1997 |||||||| |||| 00| 0 eng d | ||
| 020 | _a8175540672 | ||
| 040 |
_aLK-CoMWRAF _dLK-CoMWRAF _eLK-CoMWRAF |
||
| 041 | _aeng | ||
| 082 |
_a658.452 _bTIE |
||
| 100 | _a Tierney, Elizabeth | ||
| 245 | _a 30 minutes - to boost your communication skills | ||
| 260 |
_aNew Delhi: _b Kogan Page, _c1997 |
||
| 300 | _a 64 p. ; 18 cm | ||
| 490 | _a 30 minutes series | ||
| 650 | _aBUSINESS COMMUNICATION | ||
| 650 | _aInterpersonal communication | ||
| 650 | _aOral communication | ||
| 650 | _aWritten communication | ||
| 942 | _cBK | ||
| 999 |
_c4275 _d4275 |
||